| 000 | 01668nam0a2200325 i 4500 | ||
|---|---|---|---|
| 001 | RU\NLR\BIBL_A\011165216 | ||
| 005 | 20260531052413.0 | ||
| 021 |
_aRU _b2016-46850 _93013 |
||
| 035 | _a(NILC)RuMoRGB-008510972 | ||
| 035 | _a(NLR Aleph) 011165216 | ||
| 090 |
_a11738061 _c11738061 |
||
| 100 | _a20160623d2015 k y0rusy50 ca | ||
| 101 | 0 | _arus | |
| 102 | _aRU | ||
| 105 | _aa z 000yy | ||
| 200 | 1 |
_aОтечественный военно-морской флот: идея, структура, управление _eсборник исторических и историографических источников _fФедеральное гос. бюджетное образовательное учреждение высш. образования "Гос. морской ун-т им. адм. Ф. Ф. Ушакова" _g[сост.: к. ист. н. В. В. Денисов и др.] |
|
| 210 |
_aНовороссийск _cГМУ _d2015 |
||
| 215 |
_a200 с. _cил. _d21 |
||
| 320 | _aБиблиогр.: с. 197-199 (33 назв.) | ||
| 601 | 0 | 1 |
_aРоссия _bВоенно-морской флот _jСборники _xИстория _92572339 _3RU\NLR\AUTH\661521093 |
| 675 | _a355/359 | ||
| 686 | 1 | _aЦ66,8(2)0-1я43 | |
| 702 | 1 |
_4220 _7ca _8rus _aДенисов _bВ. В. _cисторик _gВадим Вячеславович _96983 _3RU\NLR\AUTH\7723930 |
|
| 711 | 0 | 1 |
_aРоссийская Федерация _bВоенно-морской флот _9564595 _3RU\NLR\AUTH\8810033028 |
| 801 | 0 |
_aRU _bРГБ _c20160606 _gRCR |
|
| 801 | 2 |
_aRU _bРГБ _c20160608 _grcr |
|
| 942 | _cBOOK | ||
| 980 | _aNBR | ||